<?xml version="1.0" encoding="UTF-8"?><?xml-stylesheet type="text/xsl" href="static/style.xsl"?><OAI-PMH xmlns="http://www.openarchives.org/OAI/2.0/" xmlns:xsi="http://www.w3.org/2001/XMLSchema-instance" xsi:schemaLocation="http://www.openarchives.org/OAI/2.0/ http://www.openarchives.org/OAI/2.0/OAI-PMH.xsd"><responseDate>2026-04-18T02:03:26Z</responseDate><request verb="GetRecord" identifier="oai:www.recercat.cat:10230/16288" metadataPrefix="marc">https://recercat.cat/oai/request</request><GetRecord><record><header><identifier>oai:recercat.cat:10230/16288</identifier><datestamp>2025-12-17T01:46:41Z</datestamp><setSpec>com_2072_6</setSpec><setSpec>col_2072_452953</setSpec></header><metadata><record xmlns="http://www.loc.gov/MARC21/slim" xmlns:dcterms="http://purl.org/dc/terms/" xmlns:xsi="http://www.w3.org/2001/XMLSchema-instance" xmlns:doc="http://www.lyncode.com/xoai" xsi:schemaLocation="http://www.loc.gov/MARC21/slim http://www.loc.gov/standards/marcxml/schema/MARC21slim.xsd">
   <leader>00925njm 22002777a 4500</leader>
   <datafield ind2=" " ind1=" " tag="042">
      <subfield code="a">dc</subfield>
   </datafield>
   <datafield ind2=" " ind1=" " tag="720">
      <subfield code="a">Baizán, Pau</subfield>
      <subfield code="e">author</subfield>
   </datafield>
   <datafield ind2=" " ind1=" " tag="260">
      <subfield code="c">2012-07-05T01:51:07Z</subfield>
   </datafield>
   <datafield ind2=" " ind1=" " tag="260">
      <subfield code="c">2012-07-05T01:51:07Z</subfield>
   </datafield>
   <datafield ind2=" " ind1=" " tag="260">
      <subfield code="c">2012-03-07</subfield>
   </datafield>
   <datafield ind2=" " ind1=" " tag="260">
      <subfield code="c">2012-07-04T11:02:02Z</subfield>
   </datafield>
   <datafield ind2=" " ind1=" " tag="520">
      <subfield code="a">Contemporary policy makers in most European destination countriesexpress a great concern about reunification of migrants’ families. Newrestrictions multiply in almost all countries, on the grounds thatmigrants would take advantage of a too lax system and that it wouldfoster an influx of non-desirable migrants. So far, quantitative evidenceis scarce on migrants’ practices in matter of family reunification.Taking advantage of a unique longitudinal dataset that includesSenegalese individuals surveyed both at origin (in Senegal) and inEurope (France, Italy and Spain), we perform event-history analyses toshow three things. First, couple separation is very often a long lastingsituation. Second, when separated because of international migration,wives and husbands do not only reunify in Europe but quite commonlyin Senegal. And third, those who reunify in Europe are those who arethe most adapted or adaptable to the European culture and economy.</subfield>
   </datafield>
   <datafield tag="653" ind2=" " ind1=" ">
      <subfield code="a">Senegal -- Emigració i immigració</subfield>
   </datafield>
   <datafield tag="653" ind2=" " ind1=" ">
      <subfield code="a">Estrangers -- Relacions familiars</subfield>
   </datafield>
   <datafield tag="653" ind2=" " ind1=" ">
      <subfield code="a">Emigracio i immigració -- Europa</subfield>
   </datafield>
   <datafield tag="653" ind2=" " ind1=" ">
      <subfield code="a">Famílies immigrants -- Europa</subfield>
   </datafield>
   <datafield tag="653" ind2=" " ind1=" ">
      <subfield code="a">3 - Ciències socials</subfield>
   </datafield>
   <datafield ind2="0" ind1="0" tag="245">
      <subfield code="a">A reassessment of family reunification in Europe. The case of Senegalese couples</subfield>
   </datafield>
</record></metadata></record></GetRecord></OAI-PMH>